[Event "Vilanova op 37th"]
[Site "Salt"]
[Date "2011.06.17"]
[Round "8.2"]
[White "Martin Fernandez, Santiago"]
[Black "Casanellas Ruano, Lluis"]
[Result "0-1"]
[WhiteElo "1886"]
[BlackElo "2175"]
[PlyCount "90"]
[EventDate "2011.04.29"]
[EventType "swiss"]
[EventRounds "9"]
[EventCountry "ESP"]
[SourceTitle "EXT 2024"]
[Source "ChessBase"]
[SourceDate "2023.10.10"]
[SourceVersion "1"]
[SourceVersionDate "2023.10.10"]
[SourceQuality "1"]

1. Nf3 d5 2. c4 c6 3. e3 Nf6 4. Qc2 g6 5. b3 Bg7 6. Bb2 Bf5 7. d3 0-0 8. Nbd2 Nbd7 9. Nd4 e5 10. Nxf5 gxf5 11. Nf3 Qe7 12. Be2 Kh8 13. h4 Ng4 14. g3 Rg8 15. Nh2 Nxh2 16. Rxh2 f4 17. exf4 exf4 18. 0-0-0 Rae8 19. Rd2 Qd6 20. Rh3 d4 21. g4 Qe5 22. Rh1 Bf8 23. Bf3 Bb4 24. Re2 Qd6 25. Rxe8 Rxe8 26. Be4 Ba3 27. Bxa3 Qxa3+ 28. Qb2 Qxb2+ 29. Kxb2 Ne5 30. f3 f5 31. gxf5 Rg8 32. h5 Kg7 33. Rh4 Kf6 34. Rxf4 Kg5 35. Rg4+ Nxg4 36. fxg4 Kxg4 37. f6 Kxh5 38. Bxh7 Rf8 39. Be4 Rxf6 40. b4 Kg5 41. a4 Kf4 42. Kb3 Ke3 43. b5 c5 44. a5 b6 45. axb6 axb6 0-1

[Event "Vilanova op 37th"]
[Site "Salt"]
[Date "2011.06.10"]
[Round "7.3"]
[White "Casanellas Ruano, Lluis"]
[Black "Coronado Iruela, Manuel"]
[Result "1-0"]
[WhiteElo "2175"]
[BlackElo "2103"]
[PlyCount "101"]
[EventDate "2011.04.29"]
[EventType "swiss"]
[EventRounds "9"]
[EventCountry "ESP"]
[SourceTitle "EXT 2024"]
[Source "ChessBase"]
[SourceDate "2023.10.10"]
[SourceVersion "1"]
[SourceVersionDate "2023.10.10"]
[SourceQuality "1"]

1. c4 b6 2. Nc3 e6 3. d4 Bb4 4. e4 Bb7 5. Bd3 f5 6. d5 fxe4 7. Bxe4 Qh4 8. Qd4 Nf6 9. Bf4 Nxe4 10. Qxe4 0-0 11. g3 Qf6 12. Nge2 exd5 13. cxd5 Na6 14. 0-0-0 Bd6 15. Bxd6 Qxd6 16. Nf4 Rae8 17. Qd4 c6 18. dxc6 Qxd4 19. Rxd4 Bxc6 20. Rhd1 Nc7 21. h4 Ne6 22. Nxe6 Rxe6 23. f4 Rfe8 24. Kd2 R8e7 25. Rf1 Re3 26. Rd3 Rxd3+ 27. Kxd3 Kf7 28. Rf2 Bb7 29. Kd2 Re6 30. Re2 Rd6+ 31. Ke3 Re6+ 32. Kf2 Rd6 33. b3 a6 34. Na4 a5 35. Rc2 b5 36. Nc5 Bc6 37. Ke3 Rd1 38. Nd3 Ke7 39. Ne5 Rd6 40. Rc5 g6 41. g4 Re6 42. Kf2 Kf6 43. Rc2 Ke7 44. Kg3 Rd6 45. g5 Re6 46. Re2 Kd8 47. Kg4 Ke7 48. f5 gxf5+ 49. Kxf5 Kd8 50. h5 Re8 51. Nf7+ 1-0

[Event "Vilanova op 37th"]
[Site "Salt"]
[Date "2011.06.03"]
[Round "6.1"]
[White "Mundet Riera, Jaume"]
[Black "Casanellas Ruano, Lluis"]
[Result "1-0"]
[WhiteElo "2134"]
[BlackElo "2175"]
[PlyCount "157"]
[EventDate "2011.04.29"]
[EventType "swiss"]
[EventRounds "9"]
[EventCountry "ESP"]
[SourceTitle "EXT 2024"]
[Source "ChessBase"]
[SourceDate "2023.10.10"]
[SourceVersion "1"]
[SourceVersionDate "2023.10.10"]
[SourceQuality "1"]

1. Nf3 d5 2. d4 Nf6 3. g3 Bf5 4. Bg2 c6 5. 0-0 e6 6. Nh4 Bg4 7. c3 Be7 8. Nd2 0-0 9. Re1 Nbd7 10. Qb3 Qb6 11. h3 Bh5 12. Qxb6 axb6 13. g4 Ne8 14. Ndf3 Bg6 15. Nxg6 hxg6 16. Bf4 Nd6 17. Nd2 b5 18. a3 g5 19. Bg3 f6 20. e4 Kf7 21. exd5 exd5 22. Rxe7+ Kxe7 23. Re1+ Kf7 24. Bxd6 Rfe8 25. Re3 Nb6 26. b3 Re6 27. Bb4 Rae8 28. Nf1 Nd7 29. Rxe6 Kxe6 30. Ne3 Nb8 31. Bf1 Na6 32. Ba5 Ra8 33. c4 bxc4 34. bxc4 Nc5 35. cxd5+ cxd5 36. Bb4 Nb3 37. Nc2 g6 38. Bd3 f5 39. Kg2 Rc8 40. Kg3 Nc1 41. Ne1 Kf6 42. Bb5 Nb3 43. Nf3 Rc1 44. Bd6 Rc3 45. Kg2 Na1 46. Be5+ Ke7 47. a4 fxg4 48. hxg4 Nc2 49. Bg7 Na3 50. Bf1 Nc4 51. Bh6 Ra3 52. Bxg5+ Ke6 53. Nh4 Kf7 54. Be2 Rxa4 55. Bf3 Ra5 56. Bd8 Rb5 57. Kg3 Nd2 58. Bg2 Ne4+ 59. Bxe4 dxe4 60. Ng2 Rb4 61. d5 Rd4 62. Ne3 b5 63. Bb6 Rd2 64. Bc5 g5 65. f3 Kf6 66. fxe4 Ke5 67. Kf3 Rb2 68. Bf8 Rh2 69. Bg7+ Kd6 70. e5+ Kd7 71. e6+ Ke8 72. d6 Rd2 73. Nf5 b4 74. d7+ Kd8 75. Bf6+ Kc7 76. d8Q+ Rxd8 77. Bxd8+ Kxd8 78. Nd4 Ke7 79. Ke4 1-0

[Event "Vilanova op 37th"]
[Site "Salt"]
[Date "2011.05.20"]
[Round "4.1"]
[White "Parayre Soguero, Jordi"]
[Black "Casanellas Ruano, Lluis"]
[Result "0-1"]
[WhiteElo "1949"]
[BlackElo "2175"]
[PlyCount "76"]
[EventDate "2011.04.29"]
[EventType "swiss"]
[EventRounds "9"]
[EventCountry "ESP"]
[SourceTitle "EXT 2024"]
[Source "ChessBase"]
[SourceDate "2023.10.10"]
[SourceVersion "1"]
[SourceVersionDate "2023.10.10"]
[SourceQuality "1"]

1. d4 d5 2. c4 c6 3. Nf3 Nf6 4. Nc3 dxc4 5. a4 Bg4 6. Ne5 Nbd7 7. Nxg4 Nxg4 8. e4 e5 9. Qxg4 exd4 10. Nb1 Qa5+ 11. Bd2 Qb6 12. Bc1 Qb4+ 13. Kd1 Rd8 14. Qe2 Ne5 15. Qc2 Be7 16. h3 c3 17. f4 Bh4 18. fxe5 cxb2 19. Qxb2 Qe1+ 20. Kc2 0-0 21. Bd2 d3+ 22. Kb3 Qxe4 23. Nc3 Qxe5 24. Ka2 Rd4 25. Rd1 Rfd8 26. Qb3 b5 27. axb5 cxb5 28. Qxb5 Qe6+ 29. Qb3 Qf5 30. Be3 R4d6 31. g4 Qf3 32. Bxd3 Qxe3 33. Rhf1 Bf6 34. Ne4 Rxd3 35. Rxd3 Qxd3 36. Nxf6+ gxf6 37. Rxf6 Qe2+ 38. Ka3 Qe7+ 0-1

[Event "Vilanova op 37th"]
[Site "Salt"]
[Date "2011.04.29"]
[Round "1.2"]
[White "Casanellas Ruano, Lluis"]
[Black "Pont Berenguer, Josep"]
[Result "1-0"]
[WhiteElo "2175"]
[BlackElo "1742"]
[PlyCount "125"]
[EventDate "2011.04.29"]
[EventType "swiss"]
[EventRounds "9"]
[EventCountry "ESP"]
[SourceTitle "EXT 2024"]
[Source "ChessBase"]
[SourceDate "2023.10.10"]
[SourceVersion "1"]
[SourceVersionDate "2023.10.10"]
[SourceQuality "1"]

1. c4 c5 2. Nf3 Nf6 3. d4 cxd4 4. Nxd4 Nc6 5. g3 g6 6. Bg2 Bg7 7. 0-0 0-0 8. Nc3 Qb6 9. e3 Nxd4 10. exd4 d6 11. Re1 Re8 12. b3 Bd7 13. Bg5 Rad8 14. Qd2 Bc6 15. d5 Bd7 16. Be3 Qa5 17. Rac1 Bf5 18. f3 a6 19. Qf2 Nd7 20. Ne4 Bxe4 21. fxe4 Be5 22. Rf1 f6 23. Bh3 Nc5 24. Qc2 b5 25. Qb1 b4 26. Rf2 Qc7 27. Bg4 e6 28. dxe6 Nxe6 29. Bxe6+ Rxe6 30. Rd1 Rde8 31. Bd4 Qe7 32. Qd3 Bxd4 33. Qxd4 Rxe4 34. Qxf6 Re1+ 35. Rxe1 Qxe1+ 36. Kg2 Qe4+ 37. Kh3 Qe6+ 38. Qxe6+ Rxe6 39. Rd2 Kf7 40. Rd5 Re5 41. Rxd6 Ra5 42. Rb6 Rxa2 43. Rxb4 h5 44. Rb7+ Kf6 45. g4 hxg4+ 46. Kxg4 Rxh2 47. Rb6+ Kg7 48. Rxa6 Rg2+ 49. Kf3 Rc2 50. Rb6 Kh6 51. Kg4 Rg2+ 52. Kf4 Rf2+ 53. Ke3 Rc2 54. Kd3 Rg2 55. c5 Rg3+ 56. Kd4 Rg4+ 57. Kd5 Rg5+ 58. Kd6 Rf5 59. c6 Rf6+ 60. Kc7 g5 61. Kb7 Rxc6 62. Rxc6+ Kh5 63. b4 1-0